000 00418nam a2200181Ia 4500
008 221030s9999 xx 000 0 und d
020 _a981253055X
041 _aEnglish
082 _a105.23
_bSil
100 _aA. Silberschatz
245 0 _aOperating System Concepts
250 _a6th
260 _bJohn Wiley & Sons
_aMumbai
_c2003
300 _a951
650 _aCOMPUTERS
700 _aP. B. Galvin
942 _cBK
999 _c85
_d85